Add a 'CON' Quiz Stats

Quiz Updated May 26, 2015

Also try: Add an Ending
Challenge
Share
Tweet
Embed
Score 0/70 Timer 07:00
2 Plays Today
% Correct
duct
87.1%
quest
86.8%
cave
86.5%
verse
86.5%
dense
85.8%
verge
85.7%
cede
85.7%
tent
85.5%
tact
85.4%
sole
85.4%
spire
85.3%
form
85.1%
cur
85%
junction
84.9%
fine
84.7%
vex
84.2%
firm
84.2%
strict
84.1%
tempt
84.1%
test
84%
strain
83.7%
traction
83.6%
figuration
83.5%
current
83.4%
federate
83.3%
front
83.2%
sent
82.8%
joined
82.3%
fusion
81.9%
course
81.4%
trolled
81%
tour
80.8%
descend
80.3%
trite
80.2%
version
79.8%
% Correct
centric
79.7%
textual
78.9%
vent
78.8%
sort
78.5%
volute
77.6%
stable
76.8%
done
76.6%
cussed
76.4%
notation
76.3%
genial
76.2%
founding
76%
tribute
75.4%
sensual
75.4%
serve
73.2%
temporary
72.9%
script
72.3%
sequence
70.9%
tractor
70.7%
vocation
70.2%
stance
69.4%
genital
68.9%
summation
67.8%
template
66%
science
66%
sign
65.3%
fluent
64.2%
tender
61.4%
juror
47.7%
dole
41.1%
trail
36.1%
flagrant
34.7%
vector
32.9%
substantial
17.1%
donation
15.8%
generic
5.8%

You're not logged in!

Compare scores with friends on all Sporcle quizzes.
Sign Up with Email
OR
Log In

You Might Also Like...

Show Comments

Extras

Top Quizzes Today


Score Distribution

Your Account Isn't Verified!

In order to create a playlist on Sporcle, you need to verify the email address you used during registration. Go to your Sporcle Settings to finish the process.